000 01048nam a22003257a 4500
001 BR7311011
003 BR-BrBNA
005 20230928084226.0
007 ta
008 230509b bl.||||| |||| 00| 0 por d
040 _aBR-BrBNA
_bpor
_cBiblioteca Nacional de Agricultura
041 _a(Por)
072 _aL30; L00; E30
_b5314
_b9400
_b/G514
090 _ 5314 BR7311011
110 1 _aPlano de Melhoramento da Alimentacao e do Manejo do Gado Leiteiro, Rio de Janeiro, GB (Brasil);
_97815
110 1 _aComissao de Desenvolvimento Economico de Pernambuco, Recife (Brasil)
_91976
245 1 _aPlano de melhoramento da alimentacao e do manejo do gado leiteiro (Projeto Estadual de Pernambuco)[Brasil]
260 3 _aRecife, PE (Brasil):
_c1964.
300 _a68 p.
650 _aGADO LEITEIRO
650 _aMANEJO
650 _aLATICINIO
650 _aLEITE
650 _aINDUSTRIA ALIMENTICIA
650 _aPERNAMBUCO
650 _aPRODUTIVIDADE
650 _aINVESTIMENTO
909 _a202309
_bLucia
_c55
_dLucia Elande
942 _cBK
999 _c17552
_d17552